Caminar: elogio de los caminos y de la lentitud

Saved in:
Bibliographic Details
Main Author: Le Breton, David (Author)
Format: Book
Language:Spanish
Published: Buenos Aires Waldhuter Editores 2014
Edition:1a. ed
Subjects:
Tags: Add Tag
No Tags, Be the first to tag this record!

MARC

LEADER 00000cam a2200000 a 4500
001 UCE6228
003 CL-VaPUC
008 150402e20140000ag |||||||||||||||||spa|d
020 |a 9789872754075 
082 0 4 |a 301  |b LEB  |2 21 
100 |a Le Breton, David  |e author  |9 222303 
245 1 0 |a Caminar: elogio de los caminos y de la lentitud 
250 |a 1a. ed 
300 |a 190 p 
942 |c BK 
945 |d 20150402 11:08:00  |a dcastane 
260 |a Buenos Aires  |b Waldhuter Editores  |c 2014 
650 0 |a Sociología   |9 255410 
650 0 |a Conducta humana   |9 269906 
583 |a last modification  |c 20150402 11:08:00  |k Rodrigo Vera 
999 |c 358607  |d 358605 
952 |0 0  |1 0  |3 erb  |4 0  |6 301_000000000000000_LEB_2014  |7 0  |8 A  |9 467435  |a BIBART  |b BIBART  |i 5143403  |o 301 LEB 2014  |p 5143403  |r 2025-03-13  |w 2019-11-23  |y BK  |z Catalogado en:20150402  |k ART 
952 |0 0  |1 0  |3 erb  |4 0  |6 301_000000000000000_LEB_2014  |7 0  |8 A  |9 467436  |a BIBARQ  |b BIBARQ  |i 5451035  |o 301 LEB 2014  |p 5451035  |r 2025-01-20  |w 2019-11-23  |y BK  |z Catalogado en:20180119  |k ARQ